000 00481nam a2200181Ia 4500
001 9606
003 IN-NITTTR
005 20251114233049.0
008 251113s9999||||xx |||||||||||||| ||eng||
040 _beng
040 _cIN-NITTTR
041 _aeng
082 _a371.26 M474M
100 _aMehrens, William A.
245 0 _aMeasurement and evaluation in education and psychology /
_cMehrens, William A., Lehmann, Irvin J.
700 _a Lehmann, Irvin J.
942 _2ddc
_cBK
999 _c12243
_d12243